10 państw europejskich wysuniętych najbardziej na południe - Statystyki

Ogólne statystyki
  • Ten quiz został rozwiązany 133 razy
  • Średni wynik to 9 z 10
Statystyki odpowiedzi
Długość Państwo % Poprawnych
34°49'N Grecja
97%
35°47'N Malta
97%
35°30'N Włochy
97%
36°00'N Hiszpania
96%
36°57'N Portugalia
94%
40°34'N Albania
91%
41°15'N Bułgaria
88%
41°20'N Francja
86%
40°52'N Macedonia Północna
81%
41°11'N Rosja
29%
Nie znaleziono quizów pasujących do podanych kryteriów
Rozkład punktacji
Procent ludzi z każdym wynikiem
Percentyl według liczby udzielonych odpowiedzi
Twoja historia wyników
Nie rozwiązałeś tego quizu